000 01081cam a2200277 i 4500
003 SA-RiAUC
005 20251230073758.0
008 251225s1993 su g 00000 ara c
040 _aSA-RiAUC
_bara
_cSA-RiAUC
_erda
043 _aa-su---
082 0 4 _a342.53106
090 _a342.53106
_bس ع و
110 1 _aالسعودية.
_bمجلس الشورى
_eمؤلف.
245 1 2 _aأنظمة :
_bالحكم، مجلس الوزراء، المناطق ونظام مجلس الشورى ولائحته الداخلية وتشكيل المجلس /
250 _aالطبعة الأولى.
264 1 _aالرياض :
_bالمجلة العربية،
_c1993
300 _a72 صفحة ؛
_c22 سم
336 _aنص
_btxt
_2rdacontent
_3كتاب
337 _aبدون وسيط
_bn
_2rdamedia
338 _aمجلد
_bnc
_2rdacarrier
650 7 _aالقانون الدستوري
_2aucsh
650 7 _aالقانون
_zالسعودية
_2aucsh
651 7 _aالسعودية
_xسياسة وحكومة
_2aucsh
942 _2ddc
_cBOOK
_n0
949 _aSA-JeALM
_d251225
_umohamedma123
_n1
999 _c13819
_d13819